Popular Girls 'S' Names Since 1880 Quiz Stats

 Plays Quiz Updated Jan 11, 2018

Challenge
Share
Tweet
Embed
Score 0/138 Timer 05:00
2 Plays Today
Year Name % Correct
1880Sarah
93.3%
1919Sarah
93.3%
1881Sarah
93.3%
1882Sarah
93.3%
1883Sarah
93.3%
1884Sarah
93.3%
1885Sarah
93.3%
1886Sarah
93.3%
1887Sarah
93.3%
1888Sarah
93.3%
1889Sarah
93.3%
1890Sarah
93.3%
1891Sarah
93.3%
1892Sarah
93.3%
1893Sarah
93.3%
1894Sarah
93.3%
1895Sarah
93.3%
1896Sarah
93.3%
1897Sarah
93.3%
1898Sarah
93.3%
1899Sarah
93.3%
1900Sarah
93.3%
1901Sarah
93.3%
1902Sarah
93.3%
1903Sarah
93.3%
1904Sarah
93.3%
1905Sarah
93.3%
1906Sarah
93.3%
1907Sarah
93.3%
1908Sarah
93.3%
1909Sarah
93.3%
1910Sarah
93.3%
1911Sarah
93.3%
1912Sarah
93.3%
1913Sarah
93.3%
1914Sarah
93.3%
1915Sarah
93.3%
1916Sarah
93.3%
1917Sarah
93.3%
1918Sarah
93.3%
1920Sarah
93.3%
1977Sarah
93.3%
1978Sarah
93.3%
1979Sarah
93.3%
1980Sarah
93.3%
1981Sarah
93.3%
Year Name % Correct
1982Sarah
93.3%
1983Sarah
93.3%
1984Sarah
93.3%
1985Sarah
93.3%
1986Sarah
93.3%
1987Sarah
93.3%
1988Sarah
93.3%
1989Sarah
93.3%
1992Sarah
93.3%
1993Sarah
93.3%
1996Sarah
93.3%
1997Sarah
93.3%
1999Sarah
93.3%
2000Sarah
93.3%
2001Sarah
93.3%
2002Sarah
93.3%
1948Susan
82.3%
1949Susan
82.3%
1950Susan
82.3%
1951Susan
82.3%
1952Susan
82.3%
1953Susan
82.3%
1954Susan
82.3%
1955Susan
82.3%
1956Susan
82.3%
1957Susan
82.3%
1958Susan
82.3%
1959Susan
82.3%
1960Susan
82.3%
1961Susan
82.3%
1962Susan
82.3%
1963Susan
82.3%
1964Susan
82.3%
1965Susan
82.3%
1966Susan
82.3%
1967Susan
82.3%
1968Susan
82.3%
1969Susan
82.3%
1970Susan
82.3%
1990Samantha
77.8%
1991Samantha
77.8%
1994Samantha
77.8%
1995Samantha
77.8%
1998Samantha
77.8%
2003Samantha
77.8%
2004Samantha
77.8%
Year Name % Correct
2005Samantha
77.8%
2017Sophia
65.7%
1941Sandra
65.2%
1942Sandra
65.2%
1943Sandra
65.2%
1944Sandra
65.2%
1945Sandra
65.2%
1946Sandra
65.2%
1947Sandra
65.2%
1971Stephanie
62.6%
1972Stephanie
62.6%
1973Stephanie
62.6%
1974Stephanie
62.6%
1975Stephanie
62.6%
1976Stephanie
62.6%
2006Sophia
60.8%
2007Sophia
60.8%
2008Sophia
60.8%
2009Sophia
60.8%
2010Sophia
60.8%
2011Sophia
60.8%
2012Sophia
60.8%
2013Sophia
59.2%
2014Sophia
59.2%
2015Sophia
58.9%
2016Sophia
57.4%
1921Shirley
36.9%
1922Shirley
36.9%
1923Shirley
36.9%
1924Shirley
36.9%
1925Shirley
36.9%
1926Shirley
36.9%
1927Shirley
36.9%
1928Shirley
36.9%
1929Shirley
36.9%
1930Shirley
36.9%
1931Shirley
36.9%
1932Shirley
36.9%
1933Shirley
36.9%
1934Shirley
36.9%
1935Shirley
36.9%
1936Shirley
36.9%
1937Shirley
36.9%
1938Shirley
36.9%
1939Shirley
36.9%
1940Shirley
36.9%

You're not logged in!

Compare scores with friends on all Sporcle quizzes.
OR
Log In

You Might Also Like...

Show Comments

Extras

Top Quizzes Today


Score Distribution

Your Account Isn't Verified!

In order to create a playlist on Sporcle, you need to verify the email address you used during registration. Go to your Sporcle Settings to finish the process.

Report this User

Report this user for behavior that violates our Community Guidelines.

Details: